| 000 | 00574nam a2200217Ia 4500 | ||
|---|---|---|---|
| 003 | GCL | ||
| 008 | 140319s9999 xx 000 0 aFre d | ||
| 020 | _a2857030177 | ||
| 040 |
_aGCL / _cGCL |
||
| 082 | 0 | 4 |
_a759 _bG A |
| 100 | 1 | _aTAHER GUIGA | |
| 245 | 1 | 0 |
_aABDELAZIZ GORGI : _bLA QUETE DE LA LUMIERE / _cTAHER GUIGA |
| 260 |
_aتونس : _bCERES PRODUCTIONS ، _c1985 |
||
| 300 |
_a72 P _bILL. ؛ _c30 cm. |
||
| 490 |
_aCOLLECTION ''PEINTURE '' _v0 |
||
| 650 | 0 | 4 | _aARTS |
| 650 | 0 | 4 | _aPAINTERS |
| 650 | 0 | 4 | _aPAINTINGS |
| 650 | 0 | 4 | _aGORGI, ABDLAZIZ |
| 942 |
_2ddc _cBK |
||
| 999 |
_c7554 _d7554 |
||